[Event "Rubinstein mem"]
[Site "Polanica Zdroj"]
[Date "1978.??.??"]
[Round "13"]
[White "Schmidt, Wlodzimierz"]
[Black "Garcia Martinez, Silvino"]
[Result "1/2-1/2"]
[WhiteElo "2505"]
[BlackElo "2435"]

1.Nf3 Nf6 2.c4 e6 3.Nc3 c5 4.g3 b6 5.Bg2 Bb7 6.O-O a6 7.d4 cxd4 8.Qxd4 d6
9.b3 Nbd7 10.Bb2 Be7 11.e4 O-O 12.h3 Qb8 13.Nd2 Rc8 14.Rae1 Ne8 15.Kh2 Bf6
16.Qe3 b5 17.f4 Ra7 18.Rf2 Ba8 19.Nd1 Bxb2 20.Nxb2 Qb6  1/2-1/2

[Event "SVK-ch"]
[Site "Presov"]
[Date "1978.??.??"]
[Round "13"]
[White "Harasta, Vladimir"]
[Black "Krisko, D."]
[Result "1/2-1/2"]
[WhiteElo "2185"]
[BlackElo "2255"]

1.c4 Nf6 2.Nc3 c5 3.Nf3 d5 4.cxd5 Nxd5 5.g3 g6 6.Bg2 Bg7 7.O-O O-O 8.Qb3 Nb6
9.d3 Nc6 10.Qb5 Nd7 11.Qc4 b6 12.Qh4 Bb7 13.Bh6 Bxh6 14.Qxh6 f6 15.Nh4 e6
16.Bh3 Qe7 17.Nxg6 hxg6 18.Bxe6+ Qxe6 19.Qxg6+ Kh8 20.Qh6+  1/2-1/2

[Event "Banicky kahanec"]
[Site "Prievidza"]
[Date "1978.??.??"]
[Round "?"]
[White "Schrancz, Istvan"]
[Black "Hardicsay, Peter"]
[Result "1/2-1/2"]
[WhiteElo "2300"]
[BlackElo "2355"]

1.c4 Nf6 2.Nf3 c5 3.Nc3 e6 4.g3 b6 5.Bg2 Bb7 6.O-O Be7 7.d4 cxd4 8.Qxd4 O-O
9.b3 a6 10.Bb2 d6 11.Rfd1  1/2-1/2

[Event "Roskilde"]
[Site "Roskilde"]
[Date "1978.??.??"]
[Round "10"]
[White "Ghitescu, Theodor"]
[Black "Webb, Simon"]
[Result "1/2-1/2"]
[WhiteElo "2450"]
[BlackElo "2445"]

1.c4 c5 2.Nf3 Nf6 3.Nc3 e6 4.g3 b6 5.e4 Bb7 6.d3 d6 7.Bg2 Be7 8.O-O O-O 9.Re1 Nbd7
10.d4 cxd4 11.Nxd4 Qc7 12.b3 Rad8 13.Bb2 Qb8 14.Rc1 Rfe8 15.Rc2 Bf8 16.Rd2 a6
17.h3 Qa8 18.Rde2 Ne5 19.Kh2 Nfd7 20.f4 Ng6 21.Nf3 Qb8  1/2-1/2

[Event "Roskilde"]
[Site "Roskilde"]
[Date "1978.??.??"]
[Round "11"]
[White "Helmers, Knut J"]
[Black "Rosenlund, Thorbjorn"]
[Result "1/2-1/2"]
[WhiteElo "2345"]
[BlackElo "2340"]

1.c4 Nf6 2.Nc3 c5 3.Nf3 e6 4.e3 Nc6 5.d4 d5 6.cxd5 exd5 7.Be2 cxd4 8.Nxd4 Bd6
9.O-O O-O 10.Nf3 Re8 11.b3 a6 12.Bb2 Bc7 13.Rc1 Qd6 14.g3 Bh3 15.Re1 Rad8
16.Bf1 Bg4 17.Be2 Bh3 18.Bf1 Bg4 19.Be2 Bh3 20.Bf1  1/2-1/2

[Event "Roskilde"]
[Site "Roskilde"]
[Date "1978.??.??"]
[Round "11"]
[White "Webb, Simon"]
[Black "Schneider, Lars Ake"]
[Result "1/2-1/2"]
[WhiteElo "2445"]
[BlackElo "2430"]

1.c4 Nf6 2.Nc3 e6 3.Nf3 c5 4.e3 d5 5.d4 Nc6 6.a3 a6 7.cxd5 exd5 8.Be2 Be7
9.dxc5 Bxc5 10.O-O O-O 11.b4 Ba7 12.Bb2 Bg4 13.Rc1 Qd6 14.h3 Bh5 15.Nd4 Nxd4
16.exd4 Bxe2 17.Nxe2 Rac8 18.Qd3 b5 19.Rxc8 Rxc8 20.Bc1 Qe6 21.Be3 Qe4 22.Qb3 h6
23.Ra1 Qc2 24.Qxc2 Rxc2 25.Kf1 Rc4 26.a4 Rxb4 27.axb5 Rxb5 28.Rxa6 Rb1+ 29.Nc1 Bxd4
30.Bxd4 Rxc1+ 31.Ke2 Ne4 32.Ra5 Rc2+ 33.Kd3 Rd2+ 34.Ke3 Rxf2 35.Rxd5 f5 36.g4 Rh2
37.Rd7 Nf6 38.Bxf6 gxf6 39.gxf5 Rxh3+ 40.Kf4 h5 41.Ra7 Rh4+ 42.Kg3 Rg4+ 43.Kh3 Rf4
44.Kg3 Rxf5 45.Kh4 Re5 46.Rb7 Kf8 47.Ra7 Re7 48.Ra8+ Kf7 49.Kxh5 Re4 50.Ra6 Rd4
51.Rb6  1/2-1/2

[Event "Kamen Piskov mem 2"]
[Site "Ruse"]
[Date "1978.??.??"]
[Round "11"]
[White "Ilievski, Dimitar"]
[Black "Mihaljcisin, Mihajlo"]
[Result "1/2-1/2"]
[WhiteElo "2420"]
[BlackElo "2380"]

1.c4 Nf6 2.Nc3 c5 3.Nf3 e6 4.g3 d5 5.cxd5 Nxd5 6.Bg2 Nc6 7.O-O Be7 8.Nxd5 exd5
9.d4 O-O 10.dxc5 Bxc5 11.Qc2  1/2-1/2

[Event "Snekkersten"]
[Site "Snekkersten"]
[Date "1978.??.??"]
[Round "6"]
[White "Telling, K."]
[Black "Larsen, Ole"]
[Result "0-1"]
[WhiteElo "2200"]
[BlackElo "2200"]

1.c4 Nf6 2.Nc3 c5 3.Nf3 d5 4.cxd5 Nxd5 5.g3 Nc6 6.Bg2 Nc7 7.O-O e5 8.d3 f6
9.Nd2 Bg4 10.Re1 Be7 11.Nc4 Qd7 12.Bd2 O-O 13.Rc1 Rab8 14.a3 Nd4 15.Ne4 Rfd8
16.Ne3 Be6 17.Nxc5 Bxc5 18.Rxc5 Qf7 19.b4 b6 20.Rc3 Ncb5 21.a4 Nxc3 22.Bxc3 Rbc8
23.Bxd4 Rxd4 24.Qb1 Qe7 25.Nc2 Rd7 26.b5 Bd5 27.Bxd5+ Rxd5 28.Nb4 Rdc5 29.Nc6 Qc7
30.e3 Re8 31.Rd1 Rd5 32.Rc1 h5 33.h4 f5 34.Rc4 Qd7 35.d4 f4 36.Qg6 fxe3 37.fxe3 exd4
38.Rxd4 Rxe3 39.Qg5 Re1+ 40.Kf2 Rxd4 41.Nxd4 Ra1 42.Nf5 Ra2+ 43.Kf3 Qd5+
44.Ke3 Qe5+ 45.Kf3 Qe2+  0-1

[Event "Rilton Cup"]
[Site "Stockholm"]
[Date "1978.??.??"]
[Round "1"]
[White "Renman, Nils Gustaf"]
[Black "Pirttimaki, Timo"]
[Result "0-1"]
[WhiteElo "2400"]
[BlackElo "2200"]

1.Nf3 Nf6 2.c4 c5 3.Nc3 d5 4.cxd5 Nxd5 5.g3 g6 6.Bg2 Bg7 7.O-O O-O 8.Nxd5 Qxd5
9.d3 Nc6 10.Be3 Qd6 11.Rc1 Nd4 12.Nd2 Bg4 13.Bxd4 Qxd4 14.Rc4 Qd7 15.Nb3 Rac8
16.Nxc5 Qf5 17.Qc2 b5 18.Rxg4 Qxg4 19.Rc1 Qb4 20.e3 Bxb2 21.Rb1 Rxc5 22.Qxb2 Qxb2
23.Rxb2 a5 24.Be4 b4 25.Bb7 Rc3 26.Ba6 e5 27.Kf1 Ra8 28.Bc4 Rc8 29.e4 Kf8
30.Ke2 Ke7 31.f4 f6 32.Kd1 Kd6 33.Rf2 a4 34.h4 R8xc4 35.dxc4 Rxg3 36.fxe5+ Kxe5
37.c5 Rd3+ 38.Ke1 Rc3 39.Rb2 Rc4 40.Kf2 Rxe4 41.Kg3 Rc4 42.h5 gxh5 43.c6 Kd6
44.Rf2 Kxc6 45.Rxf6+ Kb5 46.Kf3 Rc2 47.Rf5+ Kc4 48.Rf4+ Kc3 49.a3  0-1

[Event "Rilton Cup"]
[Site "Stockholm"]
[Date "1978.??.??"]
[Round "6"]
[White "Niklasson, Christer"]
[Black "Berkell, Peder"]
[Result "0-1"]
[WhiteElo "2340"]
[BlackElo "2240"]

1.c4 c5 2.Nf3 Nf6 3.Nc3 e6 4.e4 d6 5.g3 Be7 6.Bg2 O-O 7.O-O Nc6 8.a3 a6 9.Rb1 Rb8
10.b4 cxb4 11.axb4 b5 12.cxb5 axb5 13.d4 d5 14.exd5 Nxd5 15.Nxd5 exd5 16.Ne5 Rb6
17.Re1 Bf5 18.Rb2 Ra6 19.g4 Be6 20.f4 Nxe5 21.Rxe5 Bf6 22.Re1 Ra1 23.Rc2 Qb6
24.Rc5 Bxg4 25.Qd3 Bf5 26.Qc3 Qa7 27.Bxd5 Bh4 28.Re5 Bg4 29.f5 Bf6 30.Re4 Bxf5
31.Rf4 Bg6 32.Rc7 Qb8 33.Kg2 Bg5 34.Bxf7+ Kh8 35.Bxg6 Bxf4 36.Bxf4 Ra2+ 37.Bc2 Qa8+
38.Kg3 Ra3 39.Bb3 Qe8 40.d5 Qg6+ 41.Kf2 Rxf4+ 42.Ke3 Qe4+ 43.Kd2 Rf2+ 44.Kd1 Ra1+
45.Qxa1 Qd3+ 46.Kc1 Qe3+  0-1

[Event "Tatran Cup"]
[Site "Strbske Pleso"]
[Date "1978.??.??"]
[Round "3"]
[White "Moehring, Guenther"]
[Black "Novak, Ivan"]
[Result "1-0"]
[WhiteElo "2405"]
[BlackElo "2355"]

1.c4 Nf6 2.Nf3 c5 3.Nc3 d5 4.cxd5 Nxd5 5.d4 g6 6.e4 Nxc3 7.bxc3 Bg7 8.Bb5+ Nd7
9.O-O O-O 10.Bg5 h6 11.Bh4 Nf6 12.Bxf6 Bxf6 13.e5 Bg7 14.d5 Bg4 15.Re1 Qa5
16.Qa4 Qxa4 17.Bxa4 Rfd8 18.c4 a6 19.Nd2 b5 20.Bb3 Be6 21.Rac1 Rac8 22.f4 Bf5
23.Nf1 Bd3 24.Ne3 Rc7 25.Rcd1 bxc4 26.Bxc4 Bxc4 27.Nxc4 Rcd7 28.Ne3 f6 29.e6 Rd6
30.f5 gxf5 31.Nxf5 Kf8 32.Nxd6 Rxd6 33.Rb1 Kg8 34.Rb7  1-0

[Event "Tatran Cup"]
[Site "Strbske Pleso"]
[Date "1978.??.??"]
[Round "8"]
[White "Peresipkin, Vladimir"]
[Black "Djuric, Stefan"]
[Result "1-0"]
[WhiteElo "2430"]
[BlackElo "2350"]

1.c4 c5 2.Nf3 Nf6 3.Nc3 d5 4.cxd5 Nxd5 5.g3 Nc6 6.Bg2 g6 7.Qb3 Nb6 8.Ne4 e5
9.d3 Be6 10.Qc2 c4 11.O-O cxd3 12.exd3 Nb4 13.Qc3 f6 14.Bg5 N6d5 15.Nxf6+ Nxf6
16.Qxe5 Kf7 17.Bxf6 Qxf6 18.Ng5+ Ke7 19.Qc7+  1-0

[Event "Tatran Cup"]
[Site "Strbske Pleso"]
[Date "1978.??.??"]
[Round "10"]
[White "Moehring, Guenther"]
[Black "Plachetka, Jan"]
[Result "0-1"]
[WhiteElo "2405"]
[BlackElo "2470"]

1.Nf3 c5 2.c4 e6 3.Nc3 Nf6 4.d4 cxd4 5.Nxd4 Nc6 6.g3 Bc5 7.Nb3 Be7 8.Bg2 a6
9.O-O d6 10.Nd4 Bd7 11.b3 O-O 12.Bb2 Rc8 13.Rc1 Qa5 14.a3 Rfd8 15.e3 Be8
16.Qe2 Qb6 17.b4 Ne5 18.Nb1 a5 19.f4 Ned7 20.bxa5 Qa6 21.Nd2 Nc5 22.Bc3 Bf8
23.e4 d5 24.e5 Nfe4 25.Nxe4 dxe4 26.Rcd1 Na4 27.Ba1 Rxc4 28.Kh1 Nc3 29.Bxc3 Rxc3
30.Bxe4 Qc4 31.Qxc4 Rxc4 32.Bxh7+ Kxh7 33.Nxe6 fxe6 34.Rxd8 Bc6+  0-1

[Event "SWE-ch"]
[Site "SWE"]
[Date "1978.??.??"]
[Round "?"]
[White "Jansson, Borje"]
[Black "Fridh, Anton"]
[Result "0-1"]
[WhiteElo "2395"]
[BlackElo "2285"]

1.Nf3 Nf6 2.c4 c5 3.Nc3 d5 4.cxd5 Nxd5 5.e3 e6 6.d4 Be7 7.Bd3 O-O 8.O-O Nc6
9.a3 cxd4 10.exd4 a6 11.Re1 Bd7 12.Bb1 Nxc3 13.bxc3 Rc8 14.Qd3 g6 15.Bh6 Re8
16.Ba2 Bf6 17.Rad1 Ne7 18.Ne5 Nf5 19.Bf4 Ba4 20.Rd2 Bg5 21.Bxg5 Qxg5 22.Rb2 Rc7
23.Rb6 Rec8 24.Nxf7 Rxf7 25.Bxe6 Rc7 26.d5 Bb5 27.Qe4 Qd2 28.h3 Ng3 29.fxg3 Qf2+
30.Kh2 Qxb6 31.a4 Be8 32.Qe5 Qc5 33.Re3 Re7 34.Qf6 Rxe6 35.Qxe6 Bd7 36.Qe5 Bxa4  0-1

[Event "SWE-ch"]
[Site "SWE"]
[Date "1978.??.??"]
[Round "?"]
[White "Ornstein, Axel"]
[Black "Niklasson, Christer"]
[Result "1/2-1/2"]
[WhiteElo "2425"]
[BlackElo "2340"]

1.c4 c5 2.Nf3 Nf6 3.Nc3 e6 4.e3 Nc6 5.d4 cxd4 6.exd4 d5 7.cxd5 Nxd5 8.Bd3 Be7
9.O-O O-O 10.Re1 Bf6 11.Be4 Nce7 12.Qd3 g6 13.Bh6 Bg7 14.Qd2 b6 15.h4 Bb7
16.h5 Nf5 17.Bxg7 Kxg7 18.Nxd5 Bxd5 19.Bxd5 exd5 20.Rac1 f6 21.Qf4 Rc8 22.Nh4 Nxh4
23.h6+ Kf7 24.Rxc8 Qxc8 25.Rc1 g5 26.Rc7+ Kg8 27.Qd6 Qe8 28.Re7 Qd8 29.Rd7 Qc8  1/2-1/2

[Event "URS-ch46"]
[Site "Tbilisi"]
[Date "1978.??.??"]
[Round "?"]
[White "Bagirov, Vladimir"]
[Black "Tal, Mihail"]
[Result "1/2-1/2"]
[WhiteElo "2505"]
[BlackElo "2625"]

1.Nf3 c5 2.c4 Nf6 3.Nc3 d5 4.cxd5 Nxd5 5.e3 Nxc3 6.bxc3 g6 7.d4 Bg7 8.Bd3 O-O
9.O-O Qc7 10.Qe2 b6 11.Rb1 Rd8 12.Rd1 Nc6 13.Ba3 Bb7 14.dxc5 bxc5 15.Ba6 Bxa6
16.Qxa6 Ne5 17.Nxe5 Bxe5 18.g3 Rxd1+  1/2-1/2

[Event "URS-ch46"]
[Site "Tbilisi"]
[Date "1978.??.??"]
[Round "?"]
[White "Mikhalchishin, Adrian"]
[Black "Giorgadze, Tamaz"]
[Result "1/2-1/2"]
[WhiteElo "2460"]
[BlackElo "2535"]

1.Nf3 c5 2.c4 Nf6 3.Nc3 d5 4.cxd5 Nxd5 5.d4 cxd4 6.Qxd4 e6 7.e4 Nxc3 8.Qxc3 Nc6
9.Bb5 Qb6 10.a4 Qc5 11.Bd2 Bd7 12.O-O Qxc3 13.Bxc3 a6 14.Bc4 Rg8 15.Rfd1  1/2-1/2

[Event "Titovo Uzice"]
[Site "Titovo Uzice"]
[Date "1978.??.??"]
[Round "?"]
[White "Kovacevic, Vlatko"]
[Black "Ljubojevic, Ljubomir"]
[Result "0-1"]
[WhiteElo "2505"]
[BlackElo "2605"]

1.Nf3 c5 2.c4 Nf6 3.Nc3 e6 4.g3 b6 5.Bg2 Bb7 6.O-O a6 7.d4 cxd4 8.Qxd4 d6
9.b3 Nbd7 10.Bb2 Be7 11.Rfd1 O-O 12.Ng5 Bxg2 13.Kxg2 Qb8 14.Nge4 Rd8 15.Nxf6+ Bxf6
16.Qxd6 Qb7+ 17.Kg1 Ne5 18.Qa3 Nc6 19.Ne4 Be7 20.Nd6 Qc7 21.c5 bxc5 22.Nc4 Nd4
23.Rd2 Bg5 24.f4 Bf6 25.Kf2 Qc6 26.Qa5 Rd5 27.Rad1 Rh5 28.h4 g6 29.Qb6 Qd5
30.Qc7 Rxh4 31.Rg1 Rh2+ 32.Kf1 Qf5 33.Rg2 Qb1+ 34.Kf2 Rh1 35.Nd6 Rf8 36.Ke3 Nb5
37.Nxb5 Bxb2 38.Nd6 Bc1 39.Qa5 Bxd2+ 40.Qxd2 Rd1  0-1

[Event "Titovo Uzice"]
[Site "Titovo Uzice"]
[Date "1978.??.??"]
[Round "?"]
[White "Smejkal, Jan"]
[Black "Rajkovic, Dusan"]
[Result "1-0"]
[WhiteElo "2555"]
[BlackElo "2490"]

1.Nf3 c5 2.c4 b6 3.Nc3 Nf6 4.e4 d6 5.d4 cxd4 6.Nxd4 Bb7 7.Bd3 g6 8.O-O Bg7
9.Be3 Nbd7 10.f3 O-O 11.Qd2 Rc8 12.b3 a6 13.Rac1 e6 14.Rfd1 Re8 15.Bf1 d5
16.exd5 exd5 17.Nxd5 Nxd5 18.cxd5 Nf6 19.Rxc8 Qxc8 20.d6 Nd5 21.Bf2 Qd7 22.Bc4 Nf6
23.Nc2 b5 24.Bf1 Nd5 25.Nb4 Nc3 26.Rc1 Rc8 27.Bg3 h5 28.Re1 Bf8 29.Be5 a5
30.Bxc3 axb4 31.Bxb4 Bc6 32.Kh1 Rd8 33.Qd4 Qf5 34.Bc3 f6 35.Bd3 Qg5 36.h4 Qg3
37.Qxf6  1-0

[Event "CAN-ch/zt"]
[Site "Toronto"]
[Date "1978.??.??"]
[Round "9"]
[White "Piasetski, Leon David"]
[Black "Rohland, Michael K"]
[Result "1-0"]
[WhiteElo "2410"]
[BlackElo "2200"]

1.c4 Nf6 2.Nc3 e6 3.Nf3 c5 4.g3 b6 5.Bg2 Bb7 6.O-O Be7 7.Re1 d6 8.e4 Nbd7
9.d4 cxd4 10.Nxd4 a6 11.e5 dxe5 12.Bxb7 Ra7 13.Nc6 Qc7 14.Nxa7 Qxb7 15.Nab5 axb5
16.Nxb5 O-O 17.Bg5 e4 18.Bxf6 Nxf6 19.a3 Rd8 20.Qe2 Rd3 21.Rad1 Qd7 22.Rxd3 exd3
23.Qd2 e5 24.Rxe5 Bc5 25.b4 Bxf2+ 26.Qxf2 d2 27.Nc3 d1=Q+ 28.Nxd1 Qxd1+ 29.Re1  1-0

[Event "CAN-ch/zt"]
[Site "Toronto"]
[Date "1978.??.??"]
[Round "13"]
[White "Biyiasas, Peter"]
[Black "Rohland, Michael K"]
[Result "1/2-1/2"]
[WhiteElo "2450"]
[BlackElo "2200"]

1.c4 Nf6 2.Nc3 e6 3.Nf3 c5 4.g3 b6 5.Bg2 Bb7 6.O-O Be7 7.b3 d6 8.Bb2 Nbd7
9.d4 cxd4 10.Nxd4 Bxg2 11.Kxg2 Qc7 12.Rc1 O-O 13.Qd3 Rad8 14.Rfd1 Rfe8 15.Kg1 Bf8
16.Ncb5 Qb7 17.Qf3 Ne4 18.Nc3 Ndc5 19.Nxe4 Qxe4 20.Qxe4 Nxe4 21.b4 Rd7 22.f3 Nf6
23.Nc6 Rc7 24.b5 Nd7 25.e4 Nb8 26.e5 Nxc6 27.exd6 Bxd6 28.Rxd6 Na5 29.c5 Nb7
30.Rc6 Rxc6 31.bxc6 Nxc5 32.c7 Rc8 33.Rd1 Nb7 34.Rd7 Kf8 35.Ba3+ Ke8 36.Re7+ Kf8  1/2-1/2

[Event "Zamardi"]
[Site "Zamardi"]
[Date "1978.??.??"]
[Round "?"]
[White "Moehring, Guenther"]
[Black "Pinter, Jozsef"]
[Result "1/2-1/2"]
[WhiteElo "2405"]
[BlackElo "2430"]

1.c4 Nf6 2.Nf3 c5 3.Nc3 d5 4.cxd5 Nxd5 5.e4 Nb4 6.d3 Bg4 7.Be3 Bxf3 8.gxf3 e6
9.Qb3 Qd7 10.O-O-O N8c6 11.a3 Na5 12.Qa4 Qxa4 13.Nxa4 Nb3+ 14.Kb1 Nc6 15.Ka2 Nbd4
16.Rc1 b6 17.f4 Kd7 18.Nc3 Be7 19.Ne2 Rac8 20.Nxd4 cxd4 21.Bd2 Bh4 22.Rg1 g6
23.Rg2 f5 24.f3 Nb8 25.Rc4 Nc6 26.Be2 b5 27.Rc5 a6 28.Bd1 Be7 29.Rc1 Na7
30.Ra1 Bd6 31.Bb3 Rhf8 32.e5 Be7 33.h4 Rf7 34.Rh1 Nc6 35.Kb1 Rg8 36.Be1 Bd8
37.Rc2 Re7 38.Bf2 Bb6 39.Kc1 h5 40.Rg1 Ree8 41.Be1 Rc8 42.Kd1 Ne7 43.Rxc8 Rxc8
44.Bd2 Rb8 45.Ke2 Rc8 46.a4 Rc7 47.Ra1 Ra7 48.Bb4 Nc6 49.Be1 Ke7 50.Rc1 Rc7
51.Ra1 Ra7 52.Ba2 Rc7 53.Bd2 Kf7 54.Bb3 Ra7 55.Rc1 Rc7 56.Ra1 Ra7  1/2-1/2

[Event "Schacknytts Jubileumsturnering"]
[Site "Malmo"]
[Date "1979.11.30"]
[Round "5"]
[White "Ornstein, Axel"]
[Black "Karlsson, Lars"]
[Result "1-0"]
[WhiteElo "2445"]
[BlackElo "2375"]

1.Nf3 Nf6 2.c4 c5 3.Nc3 g6 4.d4 cxd4 5.Nxd4 Bg7 6.e4 d6 7.Be2 O-O 8.O-O Nbd7
9.Re1 Re8 10.Bf1 a6 11.Bg5 e6 12.Qd2 b6 13.Nc2 Bf8 14.Rad1 Qc7 15.Qf4 Be7
16.Qh4 Kg7 17.Ne3 Qc5 18.a3 Bb7 19.b4 Qc7 20.Ng4 h5 21.Nxf6 Bxf6 22.Bxf6+ Nxf6
23.Qg3 Rad8 24.Rd2 Rh8 25.h3 h4 26.Qe3 Rc8 27.Red1 d5 28.exd5 exd5 29.Nxd5 Bxd5
30.cxd5 Rhe8 31.Qd4 Re4 32.Qb2 b5 33.d6 Qd8 34.Be2 Kg8 35.Bf3 Re6 36.Qd4 Rc4
37.Qa7 Qe8 38.d7 Re1+ 39.Kh2 Qe5+ 40.g3 hxg3+ 41.fxg3 Nxd7 42.Rxe1 Qxe1 43.Qxd7 Qe3
44.Qd3 Rc3 45.Qxe3 Rxe3 46.Bd5 Rxa3 47.Rf2 Rd3 48.Bxf7+  1-0

[Event "Schacknytts Jubileumsturnering"]
[Site "Malmo"]
[Date "1979.12.02"]
[Round "1"]
[White "Stean, Michael"]
[Black "Karlsson, Lars"]
[Result "0-1"]
[WhiteElo "2540"]
[BlackElo "2375"]

1.c4 c5 2.Nf3 Nf6 3.Nc3 g6 4.e4 d6 5.d4 cxd4 6.Nxd4 Bg7 7.Be2 O-O 8.O-O Nbd7
9.Be3 Re8 10.Qd2 b6 11.Rfd1 Bb7 12.f3 a6 13.Nc2 Rc8 14.Rac1 Qc7 15.Kh1 Qb8
16.Nb4 Nc5 17.Bf1 Nfd7 18.Nbd5 Bc6 19.Bg5 Bf8 20.Qf2 e6 21.Ne3 Ne5 22.Qd2 a5
23.b3 Rc7 24.Nc2 f5 25.exf5 gxf5 26.Nd4 Ba8 27.Ncb5 Rg7 28.Be3 Rg6 29.a3 Qd8
30.b4 Ncd7 31.Qf2 Nf7 32.Ne2 e5 33.Nec3 f4 34.Bd2 Be7 35.Be1 Rh6 36.c5 bxc5
37.bxc5 Bh4 38.Qd2 Bxe1 39.Qxe1 Nxc5 40.Bc4 e4 41.fxe4 Nxe4 42.Nxe4 Bxe4
43.Qf2 Rg6 44.Bxf7+ Kxf7 45.Qxf4+ Kg8 46.Rd2 Qa8 47.h3 Bxg2+ 48.Kh2 Rf8 49.Qh4 Qe8
50.Rxg2 Qe5+ 51.Kh1 Rxg2 52.Nxd6 Qh2+  0-1

[Event "Schacknytts Jubileumsturnering"]
[Site "Malmo"]
[Date "1979.12.05"]
[Round "9"]
[White "Ornstein, Axel"]
[Black "Niklasson, Christer"]
[Result "1-0"]
[WhiteElo "2445"]
[BlackElo "2385"]

1.c4 c5 2.Nf3 Nf6 3.Nc3 e6 4.g3 b6 5.Bg2 Bb7 6.O-O Be7 7.b3 O-O 8.Bb2 d6
9.e3 Nbd7 10.Qe2 a6 11.Rad1 b5 12.d3 Qb6 13.Ng5 Bxg2 14.Kxg2 d5 15.f4 Qb7
16.Kg1 h6 17.Nf3 dxc4 18.dxc4 b4 19.Na4 Rad8 20.Nd2 Ne4 21.Qg2 Nd6 22.Qxb7 Nxb7
23.e4 Nb8 24.e5 Rd3 25.Ne4 Rfd8 26.Rxd3 Rxd3 27.Kf2 Rd8 28.Bc1 a5 29.Be3 Na6
30.g4 g6 31.Ke2 Kg7 32.f5 exf5 33.gxf5 gxf5 34.Rxf5 Kg6 35.Rf1 Nb8 36.Naxc5 Nxc5
37.Nxc5 Bxc5 38.Rf6+ Kg7 39.Bxc5 Re8 40.Bd4 Nd7 41.Ra6  1-0

[Event "IBM"]
[Site "Amsterdam"]
[Date "1979.??.??"]
[Round "4"]
[White "Stean, Michael"]
[Black "Ligterink, Gert"]
[Result "1/2-1/2"]
[WhiteElo "2540"]
[BlackElo "2440"]

1.c4 c5 2.Nf3 Nf6 3.Nc3 e6 4.g3 b6 5.Bg2 Bb7 6.O-O Be7 7.d4 cxd4 8.Qxd4 d6
9.b3 O-O 10.Ba3 d5 11.Bxe7 Qxe7 12.cxd5 Nxd5 13.Rac1 Nxc3 14.Qxc3 Nc6 15.Ne5 Nxe5
16.Bxb7 Qxb7 17.Qxe5 Rac8  1/2-1/2

[Event "IBM-B"]
[Site "Amsterdam"]
[Date "1979.??.??"]
[Round "6"]
[White "Spassov, Liuben"]
[Black "Van der Sterren, Paul"]
[Result "1/2-1/2"]
[WhiteElo "2470"]
[BlackElo "2400"]

1.Nf3 Nf6 2.c4 c5 3.Nc3 e6 4.e3 d5 5.d4 dxc4 6.Bxc4 a6 7.a4 Nc6 8.O-O Be7
9.Qe2 cxd4 10.Rd1 O-O 11.exd4 Nb4 12.Ne5 Bd7 13.d5 exd5 14.Nxd5 Nbxd5 15.Bxd5 Nxd5
16.Rxd5 Bg4 17.Qc4 Qxd5 18.Qxd5 Rad8 19.Qb3 Rd1+ 20.Qxd1 Bxd1 21.Bg5 Bxg5  1/2-1/2

[Event "IBM-B"]
[Site "Amsterdam"]
[Date "1979.??.??"]
[Round "9"]
[White "Van Wijgerden, Cornelis"]
[Black "Van Riemsdijk, Herman C"]
[Result "1/2-1/2"]
[WhiteElo "2445"]
[BlackElo "2435"]

1.c4 c5 2.Nc3 Nf6 3.Nf3 d5 4.cxd5 Nxd5 5.e4 Nxc3 6.dxc3 Qxd1+ 7.Kxd1 Bg4
8.Be3 e6 9.Kc2 Bxf3 10.gxf3 Nc6 11.Bb5 Rc8 12.Rad1 a6 13.Bxc6+ Rxc6 14.Rd2 Rd6
15.Rhd1 Rxd2+ 16.Rxd2 h5 17.a4 h4 18.h3 Be7 19.Kb3 Rh5 20.Rd1 f6 21.Kc4 b6
22.Bf4 Bd8 23.Kb3 Be7 24.c4 e5 25.Be3 a5 26.f4 f5 27.f3 exf4 28.Bxf4 g5 29.Bc7 fxe4
30.fxe4 Rh6 31.Rd5 Re6 32.e5 Rc6 33.Bb8 Rg6 34.Bc7 Rc6 35.Bb8 Rg6  1/2-1/2

[Event "Banja Luka"]
[Site "Banja Luka"]
[Date "1979.??.??"]
[Round "?"]
[White "Smejkal, Jan"]
[Black "Sibarevic, Milenko"]
[Result "1-0"]
[WhiteElo "2550"]
[BlackElo "2355"]

1.Nf3 Nf6 2.c4 e6 3.Nc3 c5 4.g3 d5 5.cxd5 Nxd5 6.Bg2 Nc6 7.O-O Be7 8.d4 O-O
9.e4 Ndb4 10.a3 cxd4 11.axb4 dxc3 12.bxc3 Qc7 13.Be3 b6 14.Bf4 e5 15.Nxe5 Nxe5
16.Qd5 Bb7 17.Bxe5 Qc8 18.Qd2 Rd8 19.Qe3 Qc4 20.Bd4 h6 21.Rfe1 Re8 22.Bf1 Qc7
23.Bb5 Bg5 24.Qd3 Re6 25.Ba6 Bc6 26.Bc4 Rd6 27.e5 Re6 28.b5 Bd7 29.f4 Bd8
30.f5 Re7 31.Bd5 Rc8 32.Re2 Qb8 33.Rf1 Rc5 34.Bxc5 bxc5 35.e6 c4 36.Bxc4 Qb6+
37.Kg2  1-0

[Event "Banja Luka"]
[Site "Banja Luka"]
[Date "1979.??.??"]
[Round "?"]
[White "Smejkal, Jan"]
[Black "Bukic, Enver"]
[Result "0-1"]
[WhiteElo "2550"]
[BlackElo "2495"]

1.c4 c5 2.Nf3 Nf6 3.Nc3 d5 4.cxd5 Nxd5 5.e3 Nxc3 6.bxc3 g6 7.Bb5+ Nd7 8.Ba3 Qc7
9.d4 Bg7 10.Bxc5 O-O 11.Bxd7 Qxd7 12.O-O b6 13.Ba3 Ba6 14.Re1 Rac8 15.Rc1 Rc7
16.e4 Rfc8 17.Bb4 Bh6 18.Rb1 Bb5 19.d5 Ba4 20.Qd4 Qe8 21.Nd2 e5 22.dxe6 Qxe6
23.Bd6 Rxc3 24.e5 Bc2 25.Ne4 R3c4 26.Nf6+ Kh8  0-1

[Event "Banja Luka"]
[Site "Banja Luka"]
[Date "1979.??.??"]
[Round "?"]
[White "Petrosian, Tigran V"]
[Black "Smejkal, Jan"]
[Result "1/2-1/2"]
[WhiteElo "2610"]
[BlackElo "2550"]

1.c4 c5 2.Nf3 Nf6 3.Nc3 e6 4.g3 b6 5.Bg2 Bb7 6.O-O Be7 7.d4 cxd4 8.Qxd4 d6
9.b3 O-O 10.Rd1 Nc6 11.Qf4 Qb8 12.Bb2 a6 13.Ne4 Nxe4 14.Qxe4 Ne5 15.Qe3 Nxf3+
16.Bxf3 b5 17.c5 Bxf3 18.cxd6 Bxd6 19.exf3 Rd8 20.Rd4 Bf8 21.Rc1 Rxd4 22.Bxd4 Qb7
23.Qe4 Qxe4 24.fxe4 f6 25.Rc6 e5 26.Bb6 a5 27.Bc5 a4 28.Bxf8 Kxf8 29.Rb6 Rd8
30.Rxb5 Rd4 31.Rb7 Rxe4 32.Kf1 axb3 33.axb3 h5 34.h4 Kg8 35.b4 Kh7  1/2-1/2

[Event "Belgrade m"]
[Site "Belgrade"]
[Date "1979.??.??"]
[Round "3"]
[White "Ljubojevic, Ljubomir"]
[Black "Gligoric, Svetozar"]
[Result "0-1"]
[WhiteElo "2590"]
[BlackElo "2560"]

1.c4 c5 2.Nf3 Nf6 3.Nc3 e6 4.d4 cxd4 5.Nxd4 Bb4 6.Qb3 Bc5 7.Be3 b6 8.Nc2 Na6
9.Rd1 O-O 10.Bd4 Bb7 11.e3 Be7 12.a3 Nc5 13.Qa2 a5 14.f3 Qb8 15.e4 Nh5 16.Be2 Nf4
17.O-O f5 18.e5 d6 19.exd6 Bxd6 20.Kh1 e5 21.Bg1 e4 22.fxe4 Nxe2 23.Nxe2 Bxe4
24.Ncd4 Rf6 25.Nf3 Rh6 26.h3 Qb7 27.Ned4 g5 28.Be3 f4 29.Nb5 Bf8 30.Bxc5 Bxc5
31.b4 g4 32.bxc5 gxf3 33.Kh2 Qg7 34.Qf2 fxg2 35.Rfe1 Qg4  0-1

[Event "Belgrade m"]
[Site "Belgrade"]
[Date "1979.??.??"]
[Round "9"]
[White "Ljubojevic, Ljubomir"]
[Black "Gligoric, Svetozar"]
[Result "1-0"]
[WhiteElo "2590"]
[BlackElo "2560"]

1.c4 c5 2.Nf3 Nf6 3.Nc3 e6 4.g3 d5 5.cxd5 exd5 6.d4 Nc6 7.Bg2 Be7 8.O-O O-O
9.Bg5 cxd4 10.Nxd4 h6 11.Bf4 Bg4 12.Qa4 Qd7 13.Rfd1 Rfd8 14.Ndb5 d4 15.Bxc6 Qxc6
16.Nxd4 Qxa4 17.Nxa4 Nd5 18.f3 Bd7 19.Nc3 Nxc3 20.bxc3 Rac8 21.Rd3 Bf6 22.Rad1 Ba4
23.R1d2 Rd5 24.Be3 b6 25.Rb2 Ra5 26.Kf2 Be8 27.h4 h5 28.Ke1 Be7 29.Bd2 f6
30.Nb3 Ra4 31.Rd4 Rac4 32.Rxc4 Rxc4 33.e4 Bf7 34.Kd1 Ra4 35.Ke1 Rc4 36.Kf2 Kf8
37.Rc2 Ke8 38.Be3 Kd7 39.Bd4 Ra4 40.Ke3 Kc6 41.g4 hxg4 42.fxg4 Be6 43.Rg2 Kd7
44.g5 fxg5 45.hxg5 Bh3 46.Rg3 Be6 47.Rg2 Bh3 48.Rg3 Be6 49.Bxg7 Rxa2 50.Nd4 Bc5
51.Kd3 Bg8 52.Nf5 a5 53.Bd4 a4 54.Bxc5 bxc5 55.Ne3 a3 56.Rg1 Rb2 57.Nc4 Bxc4+
58.Kxc4 a2 59.Ra1 Kc6 60.g6 Re2 61.Kb3 Rxe4 62.Rxa2 Rg4 63.Ra4 Rg1 64.Ra8 Kd5
65.Rd8+ Kc6 66.Rg8 Rg4 67.g7 Kb7 68.c4 Rg2 69.Kc3  1-0

[Event "URS-ch otbor"]
[Site "Beltsy"]
[Date "1979.??.??"]
[Round "?"]
[White "Magerramov, Elmar"]
[Black "Gavrikov, Viktor"]
[Result "1/2-1/2"]
[WhiteElo "2435"]
[BlackElo "2200"]

1.c4 Nf6 2.Nf3 c5 3.Nc3 e6 4.g3 b6 5.Bg2 Bb7 6.O-O Be7 7.d4 cxd4 8.Qxd4 d6
9.Rd1 a6 10.Ng5 Bxg2 11.Kxg2 Nbd7 12.Qf4 Ra7 13.Nce4 Ne5 14.b3 Ng6 15.Qe3 Qa8
16.f3 h6 17.Nxf7 Kxf7 18.Nxd6+ Bxd6 19.Rxd6 e5 20.Qxb6 Ne7 21.Be3 Nc8 22.Qc5 Nxd6
23.Qxa7+ Qxa7 24.Bxa7 Ke6 25.e4 g5 26.g4 Nc8 27.Be3 Rd8 28.h4 gxh4 29.Rh1 h5
30.gxh5 Rg8+ 31.Kf2 Nxh5 32.Rxh4 Nf6 33.Rh1  1/2-1/2

[Event "URS-ch otbor"]
[Site "Beltsy"]
[Date "1979.??.??"]
[Round "?"]
[White "Podgaets, Mikhail"]
[Black "Eolian, Levon S"]
[Result "1-0"]
[WhiteElo "2450"]
[BlackElo "2200"]

1.Nf3 Nf6 2.c4 c5 3.Nc3 e6 4.e3 Be7 5.d4 cxd4 6.exd4 d5 7.cxd5 Nxd5 8.Bd3 O-O
9.O-O b6 10.Nxd5 Qxd5 11.Qc2 f5 12.Bc4 Qd6 13.Re1 Na6 14.Bg5 Bxg5 15.Nxg5 Nc7
16.Qb3 Qxd4 17.Rad1 Qf6 18.Bxe6+ Nxe6 19.Nxe6 Bxe6 20.Rxe6 Qf7 21.Rd7  1-0